Statistics for Name The Airplane

Click here to take the quiz!

General Stats

  • This quiz has been taken 112 times
  • The average score is 13 of 15

Answer Stats

Answer% Correct
Airbus A380
99%
Boeing 747
99%
Boeing 777
99%
Boeing 737
98%
Airbus A320
97%
Airbus A340
95%
Boeing 787
95%
Boeing 767
94%
Airbus A330
92%
Airbus A350
90%
Boeing 757
89%
Boeing 727
85%
Cessna Grand Caravan
50%
Douglas DC-8
45%
McDonnell Douglas MD-80
45%

Score Distribution

Percentile by Number Answered

Percent of People with Each Score

Your Score History

You have not taken this quiz